Meilleurs pays en boxe par Jeux Olympiques - Statistiques

Statistiques générales
  • Ce quiz a été pris 470 fois
  • Le résultat moyen est 52 sur 77
Statistiques - réponses
Jeux Pays Nombre de Médailles % Correct
France 2
99%
France 6
99%
Saint Louis 1904 États Unis 18
98%
Anvers 1920 États Unis 4
98%
Paris 1924 États Unis 6
98%
États Unis 5
98%
Helsinki 1952 États Unis 5
98%
États Unis 3
98%
États Unis 4
98%
États Unis 7
98%
Montréal 1976 États Unis 7
98%
Los Angeles 1984 États Unis 11
98%
Séoul 1988 États Unis 8
98%
États Unis 3
98%
Comité Olympique de Russie 6
91%
Russie 7
91%
Russie 6
91%
Russie 3
91%
Grande Bretagne 6
90%
Londres 2012 Grande Bretagne 5
90%
Grande Bretagne 6
90%
Londres 1908 Royaume Uni 14
90%
Royaume Uni 4
90%
Royaume Uni 5
90%
Pékin 2008 Chine 4
84%
Berlin 1936 Allemagne 5
83%
Allemagne 4
83%
Mexique 4
82%
Amsterdam 1928 Italie 4
79%
Italie 3
79%
Rome 1960 Italie 7
79%
Italie 5
79%
Italie 5
79%
Italie 3
79%
Canada 5
75%
Munich 1972 Cuba 5
70%
Cuba 8
70%
Moscou 1980 Cuba 10
70%
Barcelone 1992 Cuba 9
70%
Atlanta 1996 Cuba 7
70%
Sydney 2000 Cuba 6
70%
Athènes 2004 Cuba 8
70%
Cuba 4
70%
Cuba 6
70%
Tokyo 2020 Cuba 5
70%
Ukraine 5
60%
Australasie 1
58%
Pologne 2
56%
Pologne 7
56%
Pologne 7
56%
Argentine 4
55%
Los Angeles 1932 Argentine 3
55%
Argentine 4
55%
Argentine 3
55%
Pays Bas 2
50%
Corée du Sud 4
45%
Melbourne 1956 Union Soviétique 6
43%
Tokyo 1964 Union Soviétique 9
43%
Mexico 1968 Union Soviétique 6
43%
Union Soviétique 2
43%
Union Soviétique 8
43%
Kazakhstan 4
42%
Kazakhstan 4
42%
Kazakhstan 3
42%
Thaïlande 3
39%
Hongrie 2
36%
Hongrie 4
36%
Afrique du Sud 3
32%
Londres 1948 Afrique du Sud 4
32%
Rio 2016 Ouzbékistan 7
30%
Yougoslavie 4
28%
Danemark 3
26%
Bulgarie 3
25%
Allemagne de l'Est 2
19%
Allemagne de l'Est 6
19%
Allemagne de l'Est 3
19%
Corée du Nord 2
19%
Aucun quiz correspondant
Distribution des résultats
% des personnes avec chaque résultat
Percentile par nombre de réponses
Votre historique - résultats
Vous n’avez pas pris ce quiz